Missing Word: Buddy Cop Movies Quiz Stats

Quiz Updated Mar 5, 2016

Challenge
Share
Tweet
Embed
Score 0/22 Timer 02:00
0 Plays Today
Movie Title Missing Word % Correct
Starsky and ____Hutch
95.4%
Wild Wild ____West
93.8%
Men in ____Black
93.6%
Lethal ____Weapon
93.1%
Beverly Hills ____Cop
91.8%
48 ____Hours
85.4%
____ and HoochTurner
71.5%
____ HourRush
58.4%
Bad ____Boys
51.5%
Last ____ HeroAction
50.1%
____ & CashTango
48.1%
Movie Title Missing Word % Correct
Every Which Way But ____Loose
46.7%
Point ____Break
44.8%
The Last Boy ____Scout
41.7%
Cop and a ____Half
37.8%
____ NoonShanghai
34.1%
____ DayTraining
30%
16 ____Blocks
14.2%
Alien ____Nation
12.1%
Red ____Heat
11.7%
White ____Chicks
8.8%
Black ____Rain
4.3%

Today's Daily Dose

You're not logged in!

Compare scores with friends on all Sporcle quizzes.
Sign Up with Email
OR
Log In

You Might Also Like...

Show Comments

Extras

Top Quizzes Today


Score Distribution

Your Account Isn't Verified!

In order to create a playlist on Sporcle, you need to verify the email address you used during registration. Go to your Sporcle Settings to finish the process.